| 000 | 00515nam a2200181 a 4500 | ||
|---|---|---|---|
| 005 | 20220603123234.0 | ||
| 008 | 010719s1978 r 000 0 eng d | ||
| 020 | _a9686000003 | ||
| 035 | _aUPN01000109883 | ||
| 049 | _aCG | ||
| 050 | 4 |
_aPN1995.9 S6 _bG3.8 |
|
| 100 | 1 |
_aGalindo, Alejandro, _d1911- |
|
| 245 | 1 | 0 |
_aVerdad y mentira del cine mexicano / _cA. Galindo. |
| 260 |
_aMéxico : _bAconcagua, _cc1978. |
||
| 300 | _a196 p. | ||
| 650 | 2 |
_aCinematografía _xAspectos sociales _zMéxico _910199 |
|
| 905 | _aLibro | ||
| 999 |
_c83793 _d83793 |
||